000
00313nam a2200133Ia 4500
005
20251222144919.0
008
251222s9999||||xx |||||||||||||| ||spa||
020
_a
84-7151-705-1
082
_a
264.1/I54
100
_a
Iniesta, Alberto
245
0
_a
Vivir en la Trinidad:
264
_b
Verbo Divino
942
_c
LIB
999
_c
22639
_d
22639